000 00571nam a2200241 a 4500
001 nice12345678
003 IN_TiNIC
005 20260116012843.0
008 050524s1963 newa grp 000 0 eng
020 _a
_c100
082 0 0 _a254.5
_bPIC
100 _aPickett, J Waskom
245 _aDynamics of Church Growth
260 _aNew York
_bAbingdon Press
_c1963
300 _a116p
500 _aincludes index and biblioraphy
505 2 _aIndex
650 _aChurch-Growth
700 1 _aPickett, J Waskom
902 _bSRS
942 _cBK
999 _c8653
_d8653